=LDR 00000nam 2200000 4500 =001 INLIS000000000015587 =005 20130612110850 =008 ***********************************Indo** =035 ##$$0010-061300000015587 =041 ##$$a Indo =082 ##$$a 028.5 =090 ##$$a 028.5, Zul t =100 ##$$a Zulfaini Syamsi =245 ##$$a Taman Mungil Di Tanah Miring, Syamsi Zulfaini ZM =260 ##$$a 1991 $b Jakarta =300 ##$$a 80 hlm, ilus, 20 cm =650 ##$$a Bacaan Kanak-Kanak-Indonesia =850 ##$$a NBPNMAT